| 000 | 00348nam a22001337a 4500 | ||
|---|---|---|---|
| 020 | _qPB. | ||
| 040 | _cFIZZA ISHAQ | ||
| 082 |
_a624.015 _bCHA |
||
| 100 |
_aREVELLE,S.CHARLES. _991238 |
||
| 245 |
_aCIVIL AND ENVIRONMENTAL SYSTEMS ENGINEERING / _cCLARLES S.REVELLE. |
||
| 260 |
_aINDIA ; _bPEARSON, _c2013. |
||
| 300 | _a516 P. ; | ||
| 942 |
_2ddc _cBK |
||
| 999 |
_c589417 _d589417 |
||